00377nam a22001457a 4500003000400000005001700004008004100021020001900062040002300081050001700104082002000121100001900141245003000160260004100190OSt20211025115109.0211025b |||||||| |||| 00| 0 eng d a0 460 07870 4 cHawassa University a635.9/GROb2 21a635.9/GROb2 aGroounds,Roger aTrees for Smaller Gardens aLondonbJ.M. Dent and Sons Ltdc1974